| 000 | 00000nam##2200000za#4500 |
| 001 | 9.641108 |
| 003 | CaOODSP |
| 005 | 20210624223025 |
| 007 | cr ||||||||||| |
| 008 | 150407|2005||||xxc|||||o f|0| 0 fre|d |
| 040 | |aCaOODSP|bfre |
| 043 | |an-cn--- |
| 086 | 1 |aH14-72/2005F-PDF |
| 110 | 1 |aCanada. |bSanté Canada. |
| 245 | 10|aLes enfants résilients de parents affectés d'une dépendance / |h[ressource électronique]|c[rédigé par ... Frank Vitaro, Jean-Marc Assaad et René Carbonneau]. |
| 260 | |aOttawa - Ontario : |bSanté Canada |cAoût 2005. |
| 300 | |a38p.|bfigure, références |
| 500 | |aÀ l'origine publié en mai 2004 par le Comité permanent de lutte à la toxicomanie comme deuxième partie de « Les enfants de parents affectés d'une dépendance : bilan des connaissances et leçons pour l'intervention ». |
| 590 | |a12-43-Supp|b2012-12-07 |
| 691 | 07|aDépendance|2gcpds |
| 691 | 07|aParent|2gcpds |
| 691 | 07|aToxicomanie|2gcpds |
| 775 | 08|tResilient children of parents affected by a dependency / |w(CaOODSP)9.697037 |
| 856 | 40|ahttp://publications.gc.ca|qPDF|s464 Ko|uhttps://publications.gc.ca/collections/collection_2012/sc-hc/H14-72-2005-fra.pdf |